LEADER 00765nam0 2200229 450 001 000010948 005 20080512064657.0 100 $a20080512d1952----km-y0itay50------ba 101 0 $aeng 102 $aGB 105 $ay-------001-y 200 1 $aPassenger liners of the Western Ocean$ea record of the North Atlantic steam and motor passager vessels from 1838 to the present day$fVernon Gibbs 205 $a2nd ed. 210 $aLondon$cStaples press$d1952 215 $a434 p.$cill., tav.$d21 cm 676 $a386$v20 700 1$aGibbs,$bCharles Robert Vernon$0631191 801 0$aIT$bUNIPARTHENOPE$c20080512$gRICA$2UNIMARC 912 $a000010948 951 $a386/102$b13073$cNAVA1 996 $aPassenger liners of the Western Ocean$91203906 997 $aUNIPARTHENOPE LEADER 01714nam 2200433 a 450 001 9910692684803321 005 20040810091042.0 035 $a(CKB)5470000002354613 035 $a(OCoLC)56122178 035 9 $aocm56122178 035 $a(OCoLC)995470000002354613 035 $a(EXLCZ)995470000002354613 100 $a20040810d2004 ua 0 101 0 $aeng 135 $aurmn|||||| 181 $ctxt$2rdacontent 182 $cc$2rdamedia 183 $acr$2rdacarrier 200 10$aAviation safety$b[electronic resource] $emore research needed on the effects of air quality on airliner cabin occupants : report to the Ranking Democratic Member, Subcommittee on Aviation, Committee on Transportation and Infrastructure, House of Representatives 210 1$a[Washington, D.C.] :$cU.S. General Accounting Office,$d[2004] 300 $aTitle from title screen (viewed on Aug. 5, 2004). 300 $a"January 2004." 300 $aPaper version available from: U.S. General Accounting Office, 441 G St., NW, Rm. LM, Washington, D.C. 20548. 300 $a"GAO-04-54." 320 $aIncludes bibliographical references. 517 $aAviation safety 606 $aAirplanes$xPressurization 606 $aAirplanes$xAir conditioning$xHealth aspects 606 $aIndoor air pollution 615 0$aAirplanes$xPressurization. 615 0$aAirplanes$xAir conditioning$xHealth aspects. 615 0$aIndoor air pollution. 712 02$aUnited States.$bCongress.$bHouse.$bCommittee on Transportation and Infrastructure.$bSubcommittee on Aviation. 801 0$bGPO 801 1$bGPO 906 $aBOOK 912 $a9910692684803321 996 $aAviation safety$92313029 997 $aUNINA